| 000 | 01370nam a2200325 i 4500 | ||
|---|---|---|---|
| 001 | bg | ||
| 100 | 1 | _aFENRYCH, Wiktor | |
| 245 | 1 | 0 |
_aAkta i Diariusz Królewskiej Komisji Okrętowej Zygmunta III z lat 1627-1628 / _crękopis oprac., wstępem, przypisami i indeksami opatrzył Wiktor Fenrych. |
| 260 |
_aGdańsk-Gdynia : _bGdańskie Towarzystwo Naukowe : _bWyższa Szkoła Morska, _c2001. |
||
| 300 |
_a442, [1] s. : _b1 portr. ; _c24 cm. |
||
| 490 | 1 |
_aKsięgi Floty Ojczystej, _x1230-7092 ; _vt. 14 |
|
| 500 | _aTyt. równol.: "Acts and Diary of the Royal Naval Commision of Sigismund III in the period of 1627-1628". Tekst częśc. równol. pol., ang., niem., łac. | ||
| 504 | _aBibliogr. Indeksy. | ||
| 600 | 1 | 9 | _aZygmunt III Waza (król Polski ; 1566-1632) |
| 610 | 2 | 9 | _aKrólewska Komisja Okrętowa Zygmunta III |
| 650 | 9 |
_aFlota morska _xhistoria _z17 w. |
|
| 650 | 9 | _aWojna 1626-1629 r. polsko-szwedzka | |
| 651 | 9 |
_aPolska _xhistoria _y17 w. |
|
| 655 | _aŹródła | ||
| 830 |
_aKsięgi Floty Ojczystej, _x1230-7092 ; |
||
| 020 | _a8387359521 (Gdańskie Towarzystwo Naukowe) | ||
| 020 | _a8388583042 (WSM) | ||
| 040 | _cBPK | ||
| 041 | 0 | _aplendela | |
| 080 | _a94(438).04:355.48]"17" | ||
| 920 | _a83-87359-52-1 (Gdańskie Towarzystwo Naukowe) | ||
| 920 | _a83-88583-04-2 (WSM) | ||
| 942 | _cKS | ||
| 008 | s pl f |000 0 pol | ||
| 999 |
_c40954 _d40954 |
||
| 856 |
_uhttp://koha.tu.koszalin.pl/cgi-bin/koha/opac-detail.pl?biblionumber=40954 _yKatalog online BPK |
||